Normal view MARC view
  • Toledo, Alejandro,

Entry Nombre Personal

Number of records used in: 2

001 - NUMERO DE CONTROL

  • campo de control: 45873

003 - IDENTIFICADOR DE NUMERO DE CONTROL

  • campo de control: UPN

005 - FECHA Y HORA DE LA ÜLTIMA TRANSACCIÓN

  • campo de control: 20220909111724.0

008 - DATOS DE LONGITUD FIJA

  • campo de control de longitud fija: 220821nn acannaabn n aaa d

040 ## - FUENTE DE CATALOGACIÓN

  • Agencia original de catalogación: UPN

053 #4 - NÚMERO DE CLASIFICACIÓN LC

  • Número de clasificación elemento-número único o número inicial de tramo: PQ7298.3 O54

100 1# - ENCABEZAMIENTO - NOMBRE PERSONAL

  • Nombre personal: Toledo, Alejandro,
  • Fechas asociadas con el nombre: 1963-

670 ## - FUENTE EN LA QUE SE LOCALIZARON DATOS

  • Cita de la fuente: LC

680 ## - NOTA PUBLICA DE ACCESO PÚBLICO

  • Frase explicativa de la referencia: Crítico y narrador mexicano

902 ## - CATALOGADOR

  • Catalogador: CAA/210822